What to Do When Bumping Impairs Conduction of an Accessory Pathway?

Elmentve itt :
Bibliográfiai részletek
Szerzők: Bencsik Gábor
Pap Róbert
Dokumentumtípus: Cikk
Megjelent: 2026
Sorozat:PACE-PACING AND CLINICAL ELECTROPHYSIOLOGY 49 No. 4
Tárgyszavak:
doi:10.1111/pace.70156

mtmt:36964902
Online Access:http://publicatio.bibl.u-szeged.hu/39846
LEADER 00737nab a2200217 i 4500
001 publ39846
005 20260410152458.0
008 260410s2026 hu o 000 eng d
022 |a 0147-8389 
024 7 |a 10.1111/pace.70156  |2 doi 
024 7 |a 36964902  |2 mtmt 
040 |a SZTE Publicatio Repozitórium  |b hun 
041 |a eng 
100 1 |a Bencsik Gábor 
245 1 0 |a What to Do When Bumping Impairs Conduction of an Accessory Pathway?  |h [elektronikus dokumentum] /  |c  Bencsik Gábor 
260 |c 2026 
300 |a 413-415 
490 0 |a PACE-PACING AND CLINICAL ELECTROPHYSIOLOGY  |v 49 No. 4 
650 4 |a Klinikai orvostan 
700 0 1 |a Pap Róbert  |e aut 
856 4 0 |u http://publicatio.bibl.u-szeged.hu/39846/1/Bencsik2026.pdf  |z Dokumentum-elérés